Responses for show #752 - Tuesday, December 8, 1987

Sandra Gore game 1.

Contestants

Sandra Gore, a researcher originally from Boston, Massachusetts

Ron Cratty, a pastor from Claremont, California

Alice Cohen, a labratory technician from Port Washington, New York (whose 2-day cash winnings total $14,301)

Jeopardy! Round responses

JAPAN
FACTS & FIGURES
FARMING
MUSICALS
NAME CHANGES
SAINTS
    $100 25
Hiroshima

Sandra
    $100 10
(Ron: What is Greece?)

France

RonSandra
    $100 13
fertilizer

Sandra
    $100 1
Richard Rodgers

Ron
    $100 2
George Raft

Sandra
    $100 9
Thomas

Alice
    $200 26
the Diet

Sandra
    $200 19
China

Sandra
    $200 14
the kind of food the cow eats

Sandra
    $200 3
The Pajama Game

Sandra
    $200 5
Al Jolson

Alice
    $200 16
a dragon

Ron
    $300 27
the Shogun

Sandra
    $300 30
(Ron: What is backwards, walking backwards?)
(Sandra: What is by bicycle?)

walking

RonSandra
Triple Stumper
    $300 15
grange

Ron
    $300 4
Man of La Mancha

Ron
    $300 6
Barry Fitzgerald

Sandra
    $500 17
(Ron: Who is Chrysalis?)

St. Christopher

Ron
    $400 28
the chrysanthemum

Sandra
    $400 24
the presentation of the first Oscar

Sandra
    $400 20
sod

Sandra
    $400 7
Syracuse

Sandra
    $400 11
Ron Moody

Alice
    $400 18
a lamb

Sandra
    $500 29
1945

Ron
    $500 23
(Alice: What is Lufthansa?)

British Airways (British Air accepted)

AliceRon
    $500 21
International Harvester

Ron
    $500 8
Never on Sunday

Sandra
    $500 12
(Alice: Who is Julie Harris?)

Lee Grant

AliceSandra
    $500 22
Avignon

Ron

Scores at the first commercial break (after clue 14):

Alice Ron Sandra
$200 $300 $2,400

Scores at the end of the Jeopardy! Round:

Alice Ron Sandra
-$300 $2,000 $4,500

Double Jeopardy! Round responses

THE 20th CENTURY
GIRAFFES
AMERICAN POETRY
PHYSICAL SCIENCE
SECONDS
(Alex: As in time.)
SINNERS
    $200 16
Ireland

Alice
    $200 17
(Ron: What is eat?)

fight

AliceRon
    $200 4
mushrooms

Alice
    $200 1
(Ron: What is carbon?)

iron

Ron
Triple Stumper
    $200 24
180

Ron
    $200 11
New York City

Sandra
    $400 20
the Exchequer

Sandra
    $400 18
a mane

Alice
    $400 7
good neighbors

Sandra
    $400 2
the cathode

Alice
    $400 12
Fu Manchu

Sandra
    $600 21
(Alex: That's right and we've got a minute to go in this round.)

Israel

Sandra
    $600 19
(Alice: What is 17?)
(Ron: What is 27?)

7

AliceRonSandra
    $600 8
it might have been (what might have been accepted)

Ron
    $600 3
ten

Sandra
    $600 13
Robert Ford

Sandra
    $800 22
Sicily

Sandra
    $800 9
Old Ironsides (the U.S.S. Constitution)

Ron
    $800 5
a polymer

Sandra
    $1,600 26
[The end-of-round signal sounds.]

"I Second That Emotion"

Sandra
    $1,500 14
[Alex also mentioned pride. The others are wrath, envy, and lust.]

sloth, gluttony & avarice

Sandra
    $1000 23
Ivy Baker Priest Stevens

Triple Stumper
    $1000 10
The Courtship of Miles Standish

Sandra
    $1000 6
(Wilhelm) Röntgen

Sandra
    $1000 25
the Second Coming

Sandra
    $1000 15
Judaism

Sandra

Scores at the end of the Double Jeopardy! Round:

Alice Ron Sandra
$500 $2,600 $17,000
(lock game)

[wagering suggestions for these scores]

Final Jeopardy! Round responses

U.S. STATES
[Alice's electric pen did not work and she was given a card, but she did not write anything down.]
Alice
$500
RonWhat are Colorado and Oklahoma?
$1,500
SandraWhat are Colorado and Utah
$3,000
Colorado & Oklahoma

Final scores:

Alice Ron Sandra
$0 $4,100 $14,000
3rd place: Silent Thunder lithograph+Jeopardy! box game or computer version 2nd place: a trip for 2 to Nashville+Jeopardy! box game or computer version New champion: $14,000

Game dynamics:

Coryat scores:

Alice Ron Sandra
$500 $3,100 $15,500
8 R,
3 W
11 R,
6 W
(including 1 DD)
33 R
(including 2 DDs),
1 W

Combined Coryat: $19,100

The J! Archive is created by fans, for fans. The Jeopardy! game show and all elements thereof, including but not limited to copyright and trademark thereto, are the property of Jeopardy Productions, Inc. and are protected under law. This website is not affiliated with, sponsored by, or operated by Jeopardy Productions, Inc. Join the discussion at JBoard.tv.